| 000 | 01386nam a2200325 a 4500 | ||
|---|---|---|---|
| 001 | 000015838 | ||
| 003 | DO-SdBNP | ||
| 005 | 20251107132817.0 | ||
| 007 | ta | ||
| 008 | 100219s1982 dr 000 0 spa d | ||
| 040 |
_aDO-SdBNP _bspa _cBNPHU _erda |
||
| 041 | _aspa | ||
| 082 | 4 |
_a336.7293 _bS471r _222 |
|
| 111 | 2 |
_aSeminario sobre Reforma Fiscal en la República Dominicana _d1981 : _cSanto Domingo) _935648 |
|
| 245 | 1 | 0 |
_aSeminario sobre Reforma Fiscal en República Dominicana : _bpolítica y administración / _cpresentación Frinette Torres de Urtecho. |
| 264 | 1 |
_aSanto Domingo : _bINCAT, _c1982. |
|
| 300 |
_a469 páginas ; _c23 cm. |
||
| 336 |
_atexto _btxt _2rdacontent |
||
| 337 |
_asin mediación _bn _2rdamedia |
||
| 338 |
_avolumen _bnc _2rdacarrier |
||
| 490 | 0 |
_aFortalecimiento Institucional _v8 |
|
| 500 | _aIncluye referencias bibliográficas y notas al pie de las páginas | ||
| 590 | _aInventariado, 2020/ YL | ||
| 650 | 0 |
_aFinanzas públicas _zRepública Dominicana _vCongresos, conferencias, etc. _932168 |
|
| 650 | 4 |
_aPolítica fiscal _zRepública Dominicana _vCongresos, conferencias, etc. _946037 |
|
| 651 | 4 |
_aRepública Dominicana _xPolítica comercial _vEnsayos, conferencias, etc. _981994 |
|
| 710 | 2 |
_aInstituto de Capacitación Tributaria (República Dominicana) _973226 |
|
| 910 | _aYLockward/Validado. Control de calidad MFF | ||
| 942 |
_2ddc _cLBS1 |
||
| 999 |
_c15382 _d15382 |
||